LoL Players won Worlds - Statistiques

Statistiques générales
  • Ce quiz a été pris 219 fois
  • Le résultat moyen est 22 sur 58
Statistiques - réponses
Worlds Won Nationality an Player % Correct
5 South Korea 2013,2015,2016,2023,2024 Faker
100%
2 South Korea 2023,2024 Keria
80%
2 South Korea 2023,2024 Oner
77%
2 South Korea 2023,2024 Gumayusi
76%
2 South Korea 2023,2024 Zeus
76%
2 South Korea 2020,2022 BeryL
70%
1 South Korea 2022 Deft
70%
3 South Korea 2013,2015,2016 Bengi
69%
1 South Korea 2017 Ruler
64%
2 South Korea 2015,2016 Wolf
64%
2 South Korea 2015,2016 Bang
61%
1 South Korea 2020 ShowMaker
59%
1 Spain 2011 xPeke
58%
1 South Korea 2020 Canyon
53%
1 South Korea 2022 Kingen
51%
1 South Korea 2022 Pyosik
51%
1 South Korea 2018 TheShy
50%
1 South Korea 2022 Zeka
50%
1 South Korea 2015 MaRin
43%
1 South Korea 2014 imp
42%
1 South Korea 2021 Scout
42%
2 South Korea 2016 Duke
41%
1 South Korea 2019 doinb
40%
1 South Korea 2021 Viper
40%
1 South Korea 2013 Impact
38%
1 South Korea 2017 Ambition
36%
1 South Korea 2014 Mata
36%
1 South Korea 2020 Nuguri
36%
1 South Korea 2018 Rookie
36%
1 China 2021 Meiko
35%
1 South Korea 2020 Ghost
34%
1 China 2019 Tian
31%
1 South Korea 2017 CoreJJ
30%
1 China 2021 Flandre
30%
1 China 2018 JackeyLove
30%
1 China 2019 Crisp
28%
1 Finland 2011 CyanideFI
28%
1 South Korea 2013 Piglet
28%
1 South Korea 2017 Crown
27%
1 China 2021 Jiejie
27%
1 South Korea 2017 CuVee
26%
1 Poland 2011 Shushei
26%
1 South Korea 2013 PoohManDu
24%
1 China 2019 lwx
21%
1 South Korea 2014 PawN
21%
1 Taiwan 2012 BeBe
19%
1 China 2018 Baolan
16%
1 South Korea 2019 GimGoon
16%
1 China 2018 Ning
16%
1 Hong Kong 2012 Toyz
16%
1 South Korea 2014 Looper
14%
1 South Korea 2014 Dandy
13%
1 Germany 2011 LaMiaZealot
13%
1 South Korea 2017 Haru
10%
1 Germany 2011 Mellisan
10%
1 Taiwan 2012 MiSTakE
10%
1 Taiwan 2012 Lilballz
7%
1 Taiwan 2012 Stanley
5%
Aucun quiz correspondant
Distribution des résultats
% des personnes avec chaque résultat
Percentile par nombre de réponses
Votre historique - résultats
Vous n’avez pas pris ce quiz